| 000 | 00612nam a22001817a 4500 | ||
|---|---|---|---|
| 003 | OSt | ||
| 005 | 20260427062300.0 | ||
| 008 | 260427b |||||||| |||| 00| 0 eng d | ||
| 020 | _a978-971-07-3414-6 | ||
| 040 |
_aDWCL Main Lib. _cOC |
||
| 082 | _aFil. 500 S416 2014 | ||
| 100 | _aRabago, Lilia M. | ||
| 245 |
_aScience and technology 7 : _blaboratory manual and workbook / _cLilia M. Rabago [and six others] |
||
| 260 |
_aQuezon City, Philippines : _bVibal Group, _cc2014. |
||
| 300 |
_avi, 186 pages : _billustrations ; _c25 cm. |
||
| 650 | _a1. Science--Manual, workbook, etc. | ||
| 942 |
_2ddc _cBK - FIL _n0 |
||
| 999 |
_c9937 _d9937 |
||